Statistics for NBA Year in Review: 2015–16

Click here to take the quiz!

General Stats

  • This quiz has been taken 59 times
  • The average score is 9 of 14

Answer Stats

HintAnswer% Correct
Points Per Game LeaderStephen Curry
98%
Most Valuable PlayerStephen Curry
98%
Steals Per Game LeaderStephen Curry
98%
Finals MVPLeBron James
96%
All-Star Game MVPRussell Westbrook
89%
Triple-Doubles LeaderRussell Westbrook
89%
Coach of the YearSteve Kerr
80%
Defensive Player of the YearKawhi Leonard
54%
Rookie of the YearKarl-Anthony Towns
50%
Rebounds Per Game LeaderAndre Drummond
44%
Sixth Man of the YearJamal Crawford
33%
Assists Per Game LeaderRajon Rondo
31%
Blocks Per Game LeaderHassan Whiteside
15%
Most Improved PlayerCJ McCollum
7%

Score Distribution

Percentile by Number Answered

Percent of People with Each Score

Your Score History

You have not taken this quiz